Sports Quiz

Random Sports or NFL Quiz

NFL Top 100 Receivers (2012) Quiz Stats

 Plays Quiz Updated Nov 9, 2016

Challenge
Share
Tweet
Embed
Score 0/100 Timer 10:00
1 Play Today
Team Player % Correct
DETCalvin Johnson
98.8%
HOUAndre Johnson
98.4%
BUFStevie Johnson
97.4%
ATLJulio Jones
93.3%
CARSteve Smith
92.7%
GBJames Jones
92.5%
BALTorrey Smith
92.2%
NEWes Welker
91.6%
CHIBrandon Marshall
91.5%
DALDez Bryant
90.9%
ATLRoddy White
89.9%
CINA.J. Green
89.7%
TBVincent Jackson
89.5%
INDReggie Wayne
89.4%
PHIDeSean Jackson
89.2%
DENDemaryius Thomas
88%
NYGVictor Cruz
86.4%
NOMarques Colston
81.6%
SFMichael Crabtree
80.3%
NERob Gronkowski
78.7%
DALJason Witten
78.2%
ATLTony Gonzalez
77.3%
NOJimmy Graham
77.2%
DENEric Decker
76.3%
BALAnquan Boldin
75.6%
DALMiles Austin
75.3%
GBJordy Nelson
73.8%
ARILarry Fitzgerald
72.4%
PITMike Wallace
70.3%
PITAntonio Brown
66.6%
TBMike Williams
65.5%
GBRandall Cobb
62.3%
KCDwayne Bowe
61.9%
WASSantana Moss
61.2%
Team Player % Correct
INDT.Y. Hilton
60.7%
NYGHakeem Nicks
60.5%
SEASidney Rice
60.4%
BALRay Rice
60.2%
NEAaron Hernandez
59.7%
MIABrian Hartline
59.6%
PHIJeremy Maclin
58.7%
SFVernon Davis
58.4%
NOLance Moore
58.4%
OAKDenarius Moore
58%
PITHeath Miller
56.9%
JACJustin Blackmon
55%
SDAntonio Gates
52.9%
WASPierre Garcon
52.2%
NEBrandon Lloyd
49.8%
JACCecil Shorts
47.9%
SEAGolden Tate
47.3%
MINPercy Harvin
46.8%
CARGreg Olsen
46.3%
GBJermichael Finley
45.7%
SDMalcom Floyd
43.7%
ARIMichael Floyd
43.6%
STLDanny Amendola
41.9%
CLEJosh Gordon
40.9%
PHIBrent Celek
40.3%
OAKDarrius Heyward-Bey
40.1%
TENKenny Britt
40%
HOUOwen Daniels
39.8%
PITEmmanuel Sanders
38.5%
NODarren Sproles
38.5%
BALDennis Pitta
37.4%
TENNate Washington
37.2%
CINJermaine Gresham
35.4%
JACMarcedes Lewis
31.2%
Team Player % Correct
CARBrandon LaFell
30.8%
MIADavone Bess
30.4%
DETBrandon Pettigrew
30.3%
NYGMartellus Bennett
29.4%
NYJJeremy Kerley
29.1%
TBDoug Martin
27%
PHIJason Avant
25.9%
DENJacob Tamme
25.3%
HOUKevin Walter
24.4%
CLEGreg Little
23.7%
TENJared Cook
23.6%
INDDwayne Allen
23.5%
INDDonnie Avery
23.2%
MINKyle Rudolph
22.8%
TENKendall Wright
21.8%
ARIAndre Roberts
20.5%
SDDanario Alexander
20.3%
OAKBrandon Myers
19.2%
BUFScott Chandler
18.7%
DENBrandon Stokley
18.7%
STLBrandon Gibson
17.1%
STLChris Givens
16.7%
WASLeonard Hankerson
15.3%
CINAndrew Hawkins
14.6%
NYGDomenik Hixon
14.1%
CLEBenjamin Watson
13.3%
WASJosh Morgan
12.8%
OAKRod Streater
12.5%
DETJoique Bell
12.4%
DETTony Scheffler
11.3%
STLLance Kendricks
9.9%
OAKMarcel Reece
9.4%

You're not logged in!

Compare scores with friends on all Sporcle quizzes.
Join for Free
OR
Log In

You Might Also Like...

Show Comments

Extras

Top Quizzes Today


Score Distribution

Your Account Isn't Verified!

In order to create a playlist on Sporcle, you need to verify the email address you used during registration. Go to your Sporcle Settings to finish the process.

Report this User

Report this user for behavior that violates our Community Guidelines.

Details: